| 000 | 00672nam a2200205Ia 4500 | ||
|---|---|---|---|
| 003 | GCL | ||
| 008 | 140319s9999 xx 000 0 ara d | ||
| 040 |
_aGCL / _cGCL |
||
| 082 | 0 | 4 |
_aق _b091.1 _bم ح |
| 100 | 1 | _aمحمد انيس | |
| 245 | 1 | 0 |
_aحقائق عن عبدالرحمن الرافعى: مستندة من وثائق المحكمة الشرعية / _cمحمد انيس |
| 300 | _a115 ص | ||
| 490 | _a | ||
| 650 | 0 | 4 | _aالمؤرخون المصريون |
| 650 | 0 | 4 | _aالحجج الشرعية |
| 650 | 0 | 4 | _aعبدالرحمن الجبرتى |
| 650 | 0 | 4 | _aمحاكم الاحوال الشخصية |
| 650 | 0 | 4 | _aوثائق قانونية |
| 942 |
_2ddc _cBK |
||
| 999 |
_c38517 _d38517 |
||